Quizzes
Events
Quiz Creation
Community
Videos
Private Events
Remove Ads
Sign In
Join for FREE
Feedback
Dark Mode
Quiz Categories
Sports
Geography
Music
Movies
Television
Just For Fun
Miscellaneous
History
Literature
Language
Science
Gaming
Entertainment
Religion
Holiday
For Kids
Quiz Lab
Recent
Popular Today
Quiz Kudos Today
Editor Picks
Curator Picks
Quizzes by...
Day
Popularity
Type
Ratings
Length
Year
Community
Subscriptions
Recent Discussions
Orange Saloon
Badges
Playlists
Quests
Create
Leaderboards
Showdown
Live 5
Trivia Bingo
Activity
Puzzle Library
Sporcle Events
Private Events
Virtual Trivia
Globe League
Become a Host
Pub Owners
SporcleCon
Opinionation
Our Games
Videos
Blog
Mobile Apps
Partnerships
Remove Ads and Go Orange
Feedback
Music
Pop Music
The Beatles
Song
Album
Lyrics
Bands
Singers
Artist
Clip
Rock
Rap
Classical
Billboard
Country Music
Kpop
Taylor Swift
Music
Pop Music
The Beatles
Song
Album
Lyrics
Bands
Singers
Artist
Clip
Rock
Rap
Classical
Billboard
Country Music
Kpop
Taylor Swift
Random Quiz
Search Sporcle
×
Quiz Lab
Quiz Lab
Music
Artist
Type in answers that appear in a list
Type in answers that appear in a list
Classic
Best Score? Go Orange.
Every UK No-1 Single of 2002 Stats
Can You Name Every UK No-1 Single of 2002?
By
sparkman
15m
31 Questions
74 Plays
74 Plays
74 Plays
Comments
Comments
Give Quiz Kudos
Give Quiz Kudos
-
- Ratings
hide this ad
Replay
Link that replays current quiz
Next Quiz
Link to next quiz in quiz playlist
You Got
0%
They Got
Avg Score
85%
Avg Friend Score
Upgrade to see
Score Distribution
Jump to the score distribution portion of the page
Score
0/31
Timer
15:00
0
Plays Today
Artist
Single
% Correct
Elvis vs JXL
A Little Less Conversation
93.2%
Robbie Williams & Nicole Kidman
Somethin Stupid
91.9%
Las Ketchup
The Ketchup Song (Asereje)
91.9%
George Harrison
My Sweet Lord
90.5%
Enrique Iglesias
Hero
90.5%
Nelly feat Kelly Rowland
Dilemma
90.5%
Eminem
Lose Yourself
90.5%
Eminem
Without Me
89.2%
Christina Aguilera
Dirrty
89.2%
Blue feat Elton John
Sorry Seems to Be the Hardest Word
89.2%
Gareth Gates
Unchained Melody
87.8%
Pink
Just Like a Pill
87.8%
Sugababes
Freak Like Me
86.5%
Darius
Colourblind
86.5%
Girls Aloud
Sound of the Underground
86.5%
Aaliyah
More than a Woman
85.1%
Artist
Single
% Correct
Will Young
Anything Is Possible-Evergreen
85.1%
Oasis
The Hindu Times
85.1%
Holly Valance
Kiss Kiss
85.1%
Liberty X
Just a Little
85.1%
Will Young
Light My Fire
85.1%
Sugababes
Round Round
85.1%
DJ Sammy feat Yanou & Do
Heaven
85.1%
Blazin Squad
Crossroads
83.8%
Ronan Keating
If Tomorrow Never Comes
82.4%
Daniel Bedingfield
If You're Not the One
82.4%
Atomic Kitten
The Tide Is High
81.1%
Gareth Gates
Anyone of Us (Stupid Mistake)
79.7%
Will Young & Gareth Gates
The Long & Winding Road
79.7%
Westlife
World of Our Own
77%
Westlife
Unbreakable
68.9%
Quiz Playlist
Details
Report
Send in Message
Add To Playlist
Classic:
Type in answers that appear in a list
Last Updated: Dec 26, 2023
Quiz Scoreboard
CHALLENGE
Sign Up to Join the Scoreboard
Show All
Scores
Hide
Comments
May contain spoilers
Recently Published
Movies - When Are They Set?
by FPL_Elf
Movies
5m
Popular People in 1961
by mucciniale
History
6m
1-10 Letter E Words III
by El_Dandy
Language
2m
More to Explore
Quiz From the Vault
Featured Blog Post
Where Did the Easter Bunny Come From?
hide this ad
You Might Also Like...
Tags
Artist Quiz
2002
Single
Today's Top Quizzes in Music
Browse Music
hide this ad
Today's Top Quizzes in Artist
Browse Artist
Top Contributed Quizzes in Music
1
Taylor Swift All Songs (2024)
2
2010s Album by Cover III
3
One Thing in Common: Music
4
Guess the Artist- 70s Songs
5
Taylor Swift Logic Puzzle
6
Guess the Taylor Swift song (Mystery Song)
7
2010s Album by Cover IV
8
2010s Album by Cover V
9
KPOP LOGIC QUIZ
10
2010s Album by Cover VI
Explore More
Trending Topics
Crossword
Harry Potter
Marvel
Kpop
Disney
NBA
Anime
NFL
Puzzle
The Office
Country
Song
WWE
Pokémon
Soccer
hide this ad
More By:
sparkman
Quiz
Plays
Rating
Category
Featured
Created
ATP Tennis Grand Slam Finals from 1990 Onwards?
1,308
3.33
Sports
Jul 28, 2014
Dark Souls 3-Grab Bag
1,007
4.67
Gaming
May 30, 2016
Super Metroid-Grab Bag
872
4.56
Gaming
Feb 9, 2012
Plants vs Zombies Garden Warfare 2-Grab Bag
852
5.00
Gaming
Apr 12, 2016
Far Cry 3-Wildlife
765
4.50
Gaming
Jan 3, 2013
Go to Creator's Profile
Score Distribution
Quiz Creator Spotlight
sparkman
Follow
Send a Message
Quizzes Created
-
Created Quiz Play Count
-
More By This Creator
Popular Quizzes Today
1
Find the US States - No Outlines Minefield
2
Find the Countries of Europe - No Outlines Minefield
3
The Countries of the World
4
Popular People in 1961
5
1-10 Letter E Words III
6
US States
7
Find the US States
8
One Thing in Common: World Cities II
More Music Quizzes
I Will Always Love You Clicky-Oke
Curator's Pick
Trending Quizzes
Risky Map Clicking: Least Populous States A-Z
1-10 Letter F Words
Humor Books: The Subtitles
1-10 Letter G Words
One Thing in Common: United Kingdom
Recently Updated
Leaping Animals
pecheneg
Reality TV Shows (A-Z)
bhenderson79
Rickey Henderson's Hall of Fame Teammates
pecheneg
Champions League XIs: Arsenal
pecheneg
Quick Pick: Celebrities in WWE's Hall of Fame
aduchscher
A-Z Keypad Blitz II
pecheneg
Multiple Oscar Actors
pecheneg
Mystery Phrase Blitz: Oscar 'Best Actors'
pecheneg
F. Scott Fitzgerald Novels
LTH
Pick 3 Villains
ddd62291
Trending Topics
Anime
Marvel
Kpop
Crossword
Harry Potter
Disney
NBA
Song
WWE
Puzzle
Pokémon
NFL
Country
Soccer
The Office
Your Account Isn't Verified!
In order to create a playlist on Sporcle, you need to verify the email address you used during registration. Go to your
Sporcle Settings
to finish the process.
Report this User
Report this user for behavior that violates our
Community Guidelines
.
Details:
Send Report
Go to the Sporcle.com Mobile Site →
Comments